| 000 | 00578nam a22001697a 4500 | ||
|---|---|---|---|
| 005 | 20260331081122.0 | ||
| 008 | 260331b |||||||| |||| 00| 0 eng d | ||
| 020 | _a9781496302847 | ||
| 050 |
_a RS57 _b .H46 2016 |
||
| 245 |
_aHenke's med-math / _bDosage calculation, preparation & Administration |
||
| 260 |
_aPhiladelphia : _b Wolters Kluwer Health/Lippincott Williams & Wilkins, _c2016. |
||
| 300 |
_a xiv, 498 p. : _bill. ; _c 28 cm. |
||
| 650 | _a Pharmaceutical arithmetic. | ||
| 650 | _a Pharmaceutical Preparations | ||
| 700 | _aBuchholz, Susan, | ||
| 942 |
_2lcc _cBK |
||
| 999 |
_c60312 _d60312 |
||